Numbers in German Quiz - Statistics

General Stats
  • This quiz has been taken 340 times
  • The average score is 33 of 44
Answer Stats
# Deutsch % Correct
3 drei
96%
2 zwei
96%
5 fünf
94%
8 acht
93%
1 eins
93%
7 sieben
93%
9 neun
92%
6 sechs
92%
4 vier
92%
10 zehn
91%
11 elf
89%
15 fünfzehn
86%
14 vierzehn
86%
13 dreizehn
85%
12 zwölf
85%
19 neunzehn
84%
18 achtzehn
83%
30 dreißig
83%
0 null
83%
17 siebzehn
83%
40 vierzig
83%
50 fünfzig
82%
16 sechzehn
82%
90 neunzig
81%
20 zwanzig
81%
80 achtzig
80%
60 sechzig
80%
70 siebzig
80%
100 hundert
76%
200 zweihundert
73%
1,000,000 Million
63%
1000 tausend
61%
2000 zweitausend
61%
100,000 hunderttausend
58%
first erste
54%
second zweite
51%
eighth achte
49%
fifth fünfte
49%
sixth sechste
49%
fourth vierte
49%
ninth neunte
48%
seventh siebte
48%
tenth zehnte
48%
third dritte
47%
No matching quizzes found
Score Distribution
Percent of People with Each Score
Percentile by Number Answered
Your Score History
You have not taken this quiz